Houses of A Song of Ice and Fire Quiz Stats

 Plays Quiz Updated Oct 15, 2014

Challenge
Share
Tweet
Embed
Score 0/94 Timer 09:00
7 Plays Today
Territory House % Correct
Houses of the NorthStark
98.3%
Houses of the WestLannister
94.6%
Houses of the RiverlandsTully
90%
Houses of the NorthBolton
89.4%
Houses of the StormlandsBaratheon
88.6%
Houses of the Iron IslandsGreyjoy
87.5%
Houses of the ValeArryn
85.9%
Houses of the ReachTyrell
84.6%
Houses of the NorthMormont
83.4%
Houses of DorneMartell
83%
Houses of the Crown LandsTargaryen
81.4%
Houses of the RiverlandsFrey
81.3%
Houses of the NorthKarstark
77.7%
Houses of the NorthUmber
77.2%
Houses of the WestClegane
77.1%
Houses of the ValeBaelish
67.8%
Houses of the ReachTarly
67.2%
Houses of the NorthManderly
63.4%
Houses of the NorthReed
62.8%
Houses of the StormlandsTarth
62.7%
Houses of the StormlandsSeaworth
60.3%
Houses of DorneDayne
53.7%
Houses of the ReachFlorent
52.8%
Houses of the StormlandsDondarrion
52.5%
Houses of the ReachRedwyne
52.3%
Houses of the NorthGlover
51.7%
Houses of the StormlandsConnington
51.2%
Houses of the WestWesterling
50.9%
Houses of the StormlandsSelmy
50.6%
Houses of the ValeRoyce
48.7%
Houses of the ReachHightower
46.6%
Houses of the WestReyne
45%
Territory House % Correct
Houses of the WestPayne
43.9%
Houses of the RiverlandsMallister
43.6%
Houses of the RiverlandsBlackwood
43.5%
Houses of the ReachOakheart
42.4%
Houses of the RiverlandsWhent
41.6%
Houses of the NorthCerwyn
40.7%
Houses of the RiverlandsBracken
40.6%
Houses of the Iron IslandsHarlaw
40.6%
Houses of the StormlandsSwann
39.8%
Houses of the ReachFossoway
39.3%
Houses of the NorthHornwood
39.1%
Houses of DorneYronwood
37%
Houses of the NorthFlint
36.7%
Houses of the StormlandsTrant
36.5%
Houses of the NorthTallhart
36.5%
Houses of the NorthRyswell
35.5%
Houses of the RiverlandsDarry
32.5%
Houses of the Crown LandsBlount
31.2%
Houses of the WestCrakehall
30.7%
Houses of the RiverlandsPiper
30.2%
Houses of the WestMarbrand
30%
Houses of the ValeCorbray
28.9%
Houses of the Crown LandsStokeworth
28.2%
Houses of the ReachHunt
28.1%
Houses of the WestSwyft
27.7%
Houses of the StormlandsEstermont
27.7%
Houses of the ReachMerryweather
27.4%
Houses of the WestBrax
27%
Houses of the Crown LandsRosby
25.4%
Houses of the Iron IslandsCodd
24.9%
Houses of DorneDalt of Lemonwood
24.9%
Houses of the ValeRedfort
23.9%
Territory House % Correct
Houses of the ValeWaynwood
23.9%
Houses of the Crown LandsCeltigar
23.8%
Houses of the Iron IslandsBotley
23.3%
Houses of the Crown LandsVelaryon
23.1%
Houses of the ValeHunter
22.2%
Houses of the StormlandsPenrose
22%
Houses of the WestGreenfield
21.8%
Houses of the RiverlandsVance
21.6%
Houses of the Crown LandsHollard
20.1%
Houses of the Iron IslandsGoodbrother
19.3%
Houses of the ReachRowan
19.2%
Houses of the ValeEgen
18.4%
Houses of the Crown LandsBrune
17.8%
Houses of the Crown LandsDarklyn
17.7%
Houses of the ValeHardyng
17.3%
Houses of the Crown LandsBar Emmon
17.2%
Houses of the Iron IslandsDrumm
17.1%
Houses of the ValeBelmore
16.4%
Houses of the RiverlandsRyger
15.7%
Houses of the StormlandsCaron
15.6%
Houses of DorneQorgyle
15.3%
Houses of DorneSantigar
15.2%
Houses of DorneJordayne
15.1%
Houses of the Crown LandsSunglass
14.9%
Houses of DorneFowler
14.5%
Houses of DorneBlackmont
14.2%
Houses of the Iron IslandsFarwynd
14.2%
Houses of the Iron IslandsVolmark of Harlaw
13.8%
Houses of the ReachMullendore
13.5%
Houses of DorneAllyrion
13.2%

You're not logged in!

Compare scores with friends on all Sporcle quizzes.
Join for Free
OR
Log In

You Might Also Like...

Show Comments

Extras

Top Quizzes Today


Score Distribution

Your Account Isn't Verified!

In order to create a playlist on Sporcle, you need to verify the email address you used during registration. Go to your Sporcle Settings to finish the process.

Report this User

Report this user for behavior that violates our Community Guidelines.

Details: